Heterogeneous Impacts of Macroprudential Policies: Financial Advisors, Regulatory Caps, and Mortgage Risk
Enregistré dans:
| Auteur principal: | |
|---|---|
| Autres auteurs: | , , |
| Format: | Livre |
| Langue: | anglais |
| Publié: |
[Rochester]
SSRN
2025
|
| Édition: | 1st Edition |
| Sujets: | |
| Tags: |
Pas de tags, Soyez le premier à ajouter un tag!
|
MARC
| LEADER | 00000nlm a2200000 4500 | ||
|---|---|---|---|
| 001 | 0315257 | ||
| 005 | 20260304122110.7 | ||
| 041 | 0 | |a eng | |
| 044 | |a GB | ||
| 245 | 1 | 0 | |a Heterogeneous Impacts of Macroprudential Policies: Financial Advisors, Regulatory Caps, and Mortgage Risk |c Martin Cesnak, Andrej Cupak, Pirmin Fessler, Ján Klacso |
| 250 | |a 1st Edition | ||
| 264 | 1 | |a [Rochester] |b SSRN |c 2025 | |
| 300 | |a 54 s. | ||
| 610 | 2 | 0 | |a politika makroprudenciálna |
| 610 | 2 | 0 | |a poradcovia finanční |
| 610 | 2 | 0 | |a regulácia finančná |
| 610 | 2 | 0 | |a riziko úverové |
| 610 | 2 | 0 | |a dlhy |
| 100 | 1 | |a Cesnak, Martin, 1994- | |
| 700 | 1 | |a Cupak, Andrej, 1988- | |
| 700 | 1 | |a Fessler, Pirmin | |
| 700 | 1 | |a Klacso, Ján | |